<?xml version="1.0" encoding="UTF-8"?>
<record
    xmlns:xsi="http://www.w3.org/2001/XMLSchema-instance"
    xsi:schemaLocation="http://www.loc.gov/MARC21/slim http://www.loc.gov/standards/marcxml/schema/MARC21slim.xsd"
    xmlns="http://www.loc.gov/MARC21/slim">

  <leader>00616nam a22001937a 4500</leader>
  <controlfield tag="005">20250612170132.0</controlfield>
  <datafield tag="010" ind1=" " ind2=" ">
    <subfield code="a">ENG-145357</subfield>
  </datafield>
  <datafield tag="020" ind1=" " ind2=" ">
    <subfield code="a">9788195320523</subfield>
    <subfield code="c">330.00</subfield>
  </datafield>
  <datafield tag="035" ind1=" " ind2=" ">
    <subfield code="a">EN-128889</subfield>
  </datafield>
  <datafield tag="037" ind1=" " ind2=" ">
    <subfield code="b">DBAD</subfield>
  </datafield>
  <datafield tag="082" ind1=" " ind2=" ">
    <subfield code="a">060.42</subfield>
  </datafield>
  <datafield tag="100" ind1=" " ind2=" ">
    <subfield code="a">Bangia, Harshul</subfield>
    <subfield code="9">81968</subfield>
  </datafield>
  <datafield tag="245" ind1=" " ind2=" ">
    <subfield code="a">Compilation of CCS Conduct Rules, 1964/</subfield>
    <subfield code="c">Harshul Bangia</subfield>
  </datafield>
  <datafield tag="260" ind1=" " ind2=" ">
    <subfield code="a">New Delhi</subfield>
    <subfield code="b">Sumedha Publishing House</subfield>
    <subfield code="c">2022</subfield>
  </datafield>
  <datafield tag="270" ind1=" " ind2=" ">
    <subfield code="b">New Delhi</subfield>
    <subfield code="a">UG-1, Ansal Chamber-1,3 Bhikaji Cama Place,</subfield>
    <subfield code="e">110066</subfield>
  </datafield>
  <datafield tag="300" ind1=" " ind2=" ">
    <subfield code="a">248p.</subfield>
    <subfield code="b">24cm(pb)</subfield>
  </datafield>
  <datafield tag="500" ind1=" " ind2=" ">
    <subfield code="a">Along with Government of India Decisions</subfield>
  </datafield>
  <datafield tag="942" ind1=" " ind2=" ">
    <subfield code="2">ddc</subfield>
    <subfield code="c">EN</subfield>
    <subfield code="h">352.53</subfield>
    <subfield code="m">MAN</subfield>
  </datafield>
  <datafield tag="999" ind1=" " ind2=" ">
    <subfield code="c">211779</subfield>
    <subfield code="d">211779</subfield>
  </datafield>
  <datafield tag="952" ind1=" " ind2=" ">
    <subfield code="0">0</subfield>
    <subfield code="1">0</subfield>
    <subfield code="4">0</subfield>
    <subfield code="7">0</subfield>
    <subfield code="8">NFIC</subfield>
    <subfield code="a">RC3SP</subfield>
    <subfield code="b">RC3SP</subfield>
    <subfield code="d">2025-06-12</subfield>
    <subfield code="e">Delivery of Books Act Division</subfield>
    <subfield code="g">330.00</subfield>
    <subfield code="l">0</subfield>
    <subfield code="o">352.53 MAN</subfield>
    <subfield code="p">EN-128889</subfield>
    <subfield code="r">2025-06-12 00:00:00</subfield>
    <subfield code="t">1</subfield>
    <subfield code="v">330.00</subfield>
    <subfield code="w">2025-06-12</subfield>
    <subfield code="y">EN</subfield>
  </datafield>
</record>
